World's Biggest Fast Food Chains - Statistics

General Stats
  • This quiz has been taken 185 times
  • The average score is 7 of 12
Answer Stats
# of Locations Company Name % Correct
40,275 McDonalds
100%
19,247 Burger King
92%
26,934 KFC
80%
37,000 Subway
80%
7,791 Taco Bell
66%
36,170 Starbucks
65%
18,848 Pizza Hut
59%
18,381 Domino's
49%
11,300 Dunkin'
42%
7,000 Orange Julius / Dairy Queen
22%
10,427 Krispy Kreme
9%
8,000 Hunt Brothers Pizza
2%
No matching quizzes found
Score Distribution
Percent of People with Each Score
Percentile by Number Answered
Your Score History
You have not taken this quiz